000 00332nam a22001337a 4500
008 181107b xxu||||| |||| 00| 0 eng d
020 _a9780813549613
041 _aeng
080 _a316
100 _a50
101 _aSOC
245 _aMaking care count. A century of Gender, Race, and Paid care work
_cDuffy, M
942 _2udc
_cBK
999 _c52233
_d52233